[Event "Yerevan ol (Men)"]
[Site "Yerevan"]
[Date "1996.??.??"]
[Round "4"]
[White "Akopian, Vladimir"]
[Black "Sitanggang, Salor"]
[Result "1-0"]
[WhiteElo "2630"]
[BlackElo "2410"]

1.d4 Nf6 2.c4 e6 3.Nf3 b6 4.a3 Bb7 5.Nc3 Ne4 6.Nxe4 Bxe4 7.e3 Be7 8.Bd3 Bg6
9.Bxg6 hxg6 10.d5 a5 11.e4 Na6 12.O-O Nc5 13.e5 d6 14.Be3 dxe5 15.Bxc5 Bxc5
16.dxe6 f6 17.Qc2 O-O 18.Qxg6 Qe8 19.Qf5 g6 20.Qg4 Kg7 21.Rad1 Bd6 22.Rfe1 a4
23.h4 Rh8 24.Rd5 Qe7 25.g3 Rae8 26.Kg2 Rh5 27.Nd4 f5 28.Qxh5 gxh5 29.Nxf5+ Kf6
30.Nxe7 Rxe7 31.f4 exf4 32.gxf4  1-0

[Event "Yerevan"]
[Site "Yerevan"]
[Date "1996.??.??"]
[Round "4"]
[White "Akopian, Vladimir"]
[Black "Epishin, Vladimir"]
[Result "1/2-1/2"]
[WhiteElo "2620"]
[BlackElo "2645"]

1.d4 Nf6 2.c4 e6 3.Nf3 b6 4.a3 Bb7 5.Nc3 d5 6.Qc2 Be7 7.cxd5 exd5 8.g3 O-O
9.Bg2 Nbd7 10.O-O c5 11.Bf4 Rc8 12.Bh3 cxd4 13.Nxd4 Ne4 14.Qa4 Ndc5 15.Qd1 Nxc3
16.bxc3 Ra8 17.a4 Ne4 18.Qd3 Bc5 19.Nb3 Qf6 20.Nxc5 bxc5 21.Rac1  1/2-1/2

[Event "Yerevan ol (Men)"]
[Site "Yerevan"]
[Date "1996.??.??"]
[Round "4"]
[White "Lputian, Smbat G"]
[Black "Barus, Cerdas"]
[Result "1-0"]
[WhiteElo "2595"]
[BlackElo "2410"]

1.d4 Nf6 2.c4 e6 3.Nf3 b6 4.a3 Bb7 5.Nc3 d5 6.Qc2 Be7 7.cxd5 Nxd5 8.Bd2 O-O
9.e4 Nxc3 10.Bxc3 c6 11.h4 a5 12.Ng5 b5 13.d5 Bxg5 14.hxg5 Qxg5 15.dxe6 fxe6
16.Rd1 Rf7 17.Rd3 Nd7 18.Rg3 Qe7 19.Bd3 e5 20.Qe2 g6 21.b4 axb4 22.axb4 Qe6
23.O-O Bc8 24.Bc2 Nb6 25.Rg5 Nc4 26.Bb3 Qe7 27.Bxc4 Qxg5 28.Bxf7+ Kxf7 29.Qb2 Bh3
30.f4 exf4 31.Be5 Qxg2+ 32.Qxg2 Bxg2 33.Kxg2 g5 34.Rc1 Kg6 35.Rxc6+ Kh5 36.Kf3 Rd8
37.Rd6 Ra8 38.Bc3 Ra3 39.Rc6 Ra8 40.e5 Rf8 41.e6 g4+ 42.Kf2 Re8 43.Bf6 Rg8
44.e7 g3+ 45.Kf3 g2 46.Rc5+ Kh6 47.Rg5  1-0

[Event "Yerevan ol (Men)"]
[Site "Yerevan"]
[Date "1996.??.??"]
[Round "5"]
[White "Kazhgaleyev, Murtas"]
[Black "Anastasian, Ashot"]
[Result "0-1"]
[WhiteElo "2525"]
[BlackElo "2550"]

1.d4 Nf6 2.Nf3 e6 3.c4 b6 4.a3 Bb7 5.Nc3 d5 6.Qc2 dxc4 7.Bg5 Nc6 8.Rd1 Be7
9.e4 Na5 10.Ne5 Nd7 11.Bxe7 Qxe7 12.Nxc4 Nxc4 13.Bxc4 O-O 14.O-O Rfd8 15.Rfe1 c5
16.d5 Ne5 17.Ba2 c4 18.dxe6 Qxe6 19.Nd5 Rac8 20.Re3 b5 21.Qc3 Ng4 22.Ree1 Bxd5
23.exd5 Qd6 24.g3 Nf6 25.Re5 Re8 26.Rxe8+ Rxe8 27.a4 a6 28.axb5 axb5 29.Bb1 g6
30.b3 Rc8 31.bxc4 Rxc4 32.Qa5 b4 33.Qa4 h5 34.Qa2 Rc3 35.Qd2 h4 36.Kg2 Nh5
37.Qd4 h3+ 38.Kg1 Nf6 39.Qh4 Qxd5  0-1

[Event "Yerevan ol (Men)"]
[Site "Yerevan"]
[Date "1996.??.??"]
[Round "6"]
[White "Cramling, Pia"]
[Black "Marin, Mihail"]
[Result "1/2-1/2"]
[WhiteElo "2545"]
[BlackElo "2530"]

1.d4 Nf6 2.c4 e6 3.Nf3 b6 4.a3 c5 5.d5 Ba6 6.Qc2 exd5 7.cxd5 g6 8.Nc3 Bg7
9.g3 O-O 10.Bg2 d6 11.O-O Re8 12.Re1 Nbd7 13.h3 b5 14.e4 Rc8 15.Bf4 Qb6 16.Be3 Qb7
17.Bf1 c4 18.Bf4 Qb6 19.e5 dxe5 20.Nxe5 Bb7 21.Bg2 Nxe5 22.Bxe5 Nd7 23.Bxg7 Kxg7
24.Rxe8 Rxe8 25.Qd2 Nf6 26.Re1 Bc8 27.g4 h6 28.Rxe8 Nxe8 29.Ne4 f5 30.Nc3 Bd7
31.gxf5 Bxf5 32.Qe2 Nd6 33.Qe7+ Nf7 34.d6 Qxd6 35.Qxa7 Qe5 36.Bd5 Be6 37.Bxe6 Qxe6
38.Qd4+ Kh7 39.Nxb5 Qxh3 40.Qa7 Qg4+ 41.Kh2 Qh4+ 42.Kg1 Qg4+ 43.Kh2 Qf4+
44.Kg2  1/2-1/2

[Event "Yerevan ol (Men)"]
[Site "Yerevan"]
[Date "1996.??.??"]
[Round "7"]
[White "Valenzuela, Luis"]
[Black "Sae Heng, Boonsueb"]
[Result "1-0"]
[WhiteElo "2305"]
[BlackElo "2200"]

1.d4 Nf6 2.c4 e6 3.Nf3 b6 4.a3 d5 5.Nc3 Bb7 6.Qa4+ Bc6 7.Qc2 Nbd7 8.cxd5 exd5
9.Bf4 a6 10.e3 Bb7 11.Bd3 c5 12.O-O Be7 13.Rad1 c4 14.Bf5 O-O 15.Ne5 b5 16.Nxd7 Nxd7
17.Bxh7+ Kh8 18.Bf5 g6 19.Bxd7 Qxd7 20.f3 a5 21.e4 b4 22.axb4 axb4 23.Nxd5 Bxd5
24.exd5 Qxd5 25.Rfe1 Rfe8 26.Re5 Qc6 27.d5 Bc5+ 28.Kh1 Qb5 29.d6 Kg8 30.d7 Rxe5
31.Bxe5 Be7 32.Qe4 Qa4 33.Qd4 Kh7 34.Qd5 f6 35.Qf7+ Kh6 36.Bf4+ g5 37.Bxg5+ Kxg5
38.Qg7+  1-0

[Event "Yerevan ol (Men)"]
[Site "Yerevan"]
[Date "1996.??.??"]
[Round "7"]
[White "Santa Torres, Juan"]
[Black "James, David"]
[Result "1/2-1/2"]
[WhiteElo "2220"]
[BlackElo "2260"]

1.d4 Nf6 2.c4 e6 3.Nf3 b6 4.a3 Ba6 5.Qc2 c6 6.Bf4 Bb7 7.Nc3 d5 8.cxd5 exd5
9.e3 Be7 10.h3 O-O 11.Bd3 Nbd7 12.O-O Re8 13.Rac1 h6 14.Rfe1 Nf8 15.Ne5 Ne6
16.Bh2 Bd6 17.Bg3 a6  1/2-1/2

[Event "Yerevan ol (Men)"]
[Site "Yerevan"]
[Date "1996.??.??"]
[Round "8"]
[White "Kotsur, Pavel"]
[Black "Dizdarevic, Emir"]
[Result "1/2-1/2"]
[WhiteElo "2505"]
[BlackElo "2505"]

1.d4 Nf6 2.c4 e6 3.Nf3 b6 4.a3 d5 5.Nc3 Be7 6.cxd5 exd5 7.Bf4 O-O 8.e3 Bb7
9.h3 c5 10.Be2 Na6 11.O-O Nc7 12.Ne5 Ne6 13.Bh2 Rc8 14.Rc1 a6 15.dxc5 Rxc5
16.Nf3 Ne4 17.Qb3 Bf6 18.Rfd1 Bxc3 19.bxc3 Qc8 20.Be5 b5 21.Qb2 Re8 22.Nd4 f6
23.Nxe6 Qxe6 24.Bd4 Rc7 25.Qb4 Qd6 26.f3 Nc5 27.a4 bxa4 28.c4 a5 29.Qa3 Ba6
30.Bf1 Nb7 31.Qxd6 Nxd6 32.cxd5 Rxc1 33.Rxc1 Bxf1 34.Rxf1 Nb5 35.Bb6 a3 36.Ra1 Rc8
37.Bxa5 Rc2 38.d6 Nxd6 39.Rxa3 Nc4 40.Rc3 Rxc3 41.Bxc3 Nxe3  1/2-1/2

[Event "Yerevan ol (Men)"]
[Site "Yerevan"]
[Date "1996.??.??"]
[Round "8"]
[White "Banikas, Hristos"]
[Black "Lobron, Eric"]
[Result "1/2-1/2"]
[WhiteElo "2445"]
[BlackElo "2585"]

1.d4 Nf6 2.c4 e6 3.Nf3 b6 4.a3 Ba6 5.Qc2 Bb7 6.Nc3 c5 7.e4 cxd4 8.Nxd4 d6
9.Be2 Be7 10.O-O O-O 11.Be3 Nbd7 12.f4 a6 13.Rad1 Qc7 14.g4 Nc5 15.Bf3 Rae8
16.g5 Nfd7 17.b4 e5 18.fxe5 Ne6 19.exd6 Bxd6 20.Ndb5 axb5 21.Nxb5 Bxh2+ 22.Qxh2 Qxc4
23.Nd6 Qb3 24.Qd2 Rb8 25.Nxb7 Rxb7 26.e5 Ra7 27.Bd5 Qxa3 28.g6 hxg6 29.Rxf7 Rxf7
30.Bxe6 Nf8 31.Bxf7+ Rxf7 32.Rf1 Rxf1+ 33.Kxf1 Qa1+ 34.Kg2 Qxe5 35.Bxb6 Ne6
36.Qe3 Qf5 37.Bc5 g5 38.Qf3 Nf4+ 39.Kg3 Qh3+ 40.Kf2 Qh2+ 41.Ke3 Qa2 42.Qe4 Qb3+
43.Kd4 Ne6+ 44.Ke5 Nf4 45.Qa8+ Kh7 46.Qh1+ Kg6  1/2-1/2

[Event "Yerevan ol (Women)"]
[Site "Yerevan"]
[Date "1996.??.??"]
[Round "9"]
[White "Bobrowska, Monika"]
[Black "Ioseliani, Nana"]
[Result "0-1"]
[WhiteElo "2325"]
[BlackElo "2500"]

1.d4 Nf6 2.Nf3 e6 3.c4 b6 4.a3 Ba6 5.Qc2 c5 6.e4 cxd4 7.e5 Ng8 8.Bd3 Qc7
9.O-O Nc6 10.Bf4 Nge7 11.b4 Bb7 12.Nbd2 f5 13.h4 Ng6 14.Bg3 Be7 15.h5 Nf8
16.Rfe1 g5 17.b5 Na5 18.Nxd4 O-O-O 19.Qc3 Rg8 20.Bxf5 exf5 21.Nxf5 Qc5 22.Nh6 Ne6
23.Nxg8 Rxg8 24.Ne4 Qd4 25.Qxd4 Nxd4 26.Ra2 Bxe4 27.Rxe4 Bc5 28.Kf1 Rf8 29.f3 Kb7
30.Rd2 Nf5 31.Bf2 Bxf2 32.Kxf2 Rf7 33.Rg4 h6 34.Re4 Ng7 35.Rd6 Ne6 36.Ke3 Nb3
37.Kf2 Nec5 38.Re2 Rf4 39.Rc2 Ne4+  0-1

[Event "Yerevan ol (Men)"]
[Site "Yerevan"]
[Date "1996.??.??"]
[Round "9"]
[White "Sadler, Matthew"]
[Black "Cao Sang"]
[Result "1-0"]
[WhiteElo "2615"]
[BlackElo "2445"]

1.d4 Nf6 2.c4 e6 3.Nf3 b6 4.a3 Ba6 5.Qc2 Bb7 6.Nc3 c5 7.e4 cxd4 8.Nxd4 Be7
9.e5 Ng4 10.Qe2 h5 11.h3 Nh6 12.Qxh5 Nc6 13.Nxc6 Bxc6 14.Rg1 g6 15.Qd1 Nf5
16.Bf4 Qc7 17.Nb5 Qb7 18.Qd3 Rc8 19.Nd4 Be4 20.Qd2 Bc5 21.Nxf5 Bxf5 22.b4 Be7
23.f3 Bh4+ 24.g3 Be7 25.Kf2 Qc7 26.Re1 Qd8 27.h4 a5 28.Bg5 axb4 29.axb4 d5
30.g4 Rxh4 31.Bxh4 Bxh4+ 32.Rg3 dxc4 33.Qxd8+ Rxd8 34.gxf5 gxf5 35.Kg2 Ke7
36.Ra1 Rd2+ 37.Kh3 Bxg3 38.Kxg3 Rb2 39.Ra7+ Kf8 40.Bxc4 Rxb4 41.Rc7 Rb2 42.Kf4 b5
43.Bd3 Rb3 44.Bc2 Rb2 45.Kg5 Kg7 46.Bxf5 Rb3 47.Bg4 b4 48.Bh5  1-0

[Event "Yerevan ol (Men)"]
[Site "Yerevan"]
[Date "1996.??.??"]
[Round "9"]
[White "Berend, Fred"]
[Black "Kaabi, Mejdi"]
[Result "1-0"]
[WhiteElo "2425"]
[BlackElo "2395"]

1.d4 Nf6 2.c4 e6 3.Nf3 b6 4.a3 Bb7 5.Nc3 d5 6.cxd5 Nxd5 7.Qc2 Nxc3 8.bxc3 c5
9.e4 Nd7 10.Bb5 a6 11.Bd3 Qc7 12.Qb1 g6 13.O-O Bg7 14.Bg5 O-O 15.Re1 Rac8
16.a4 h6 17.Bh4 cxd4 18.cxd4 Rfe8 19.Bg3 Qc3 20.Rd1 Red8 21.Ra2 Nf6 22.Bf4 Qc6
23.Re1 g5 24.Bd2 Nh5 25.d5 exd5 26.e5 Nf4 27.Bxf4 gxf4 28.Bf5 Rb8 29.Rc1 Qe8
30.e6 Bc8 31.Bh7+ Kh8 32.exf7 Qxf7 33.Rc6 Be6 34.Nh4 Rdc8 35.Rxe6 Bf6 36.Ng6+ Kg7
37.Nxf4 Rc4 38.Bg6 Qc7 39.Nh5+ Kh8 40.Rc2 Be5 41.g3 Rf8 42.Qc1 Bd4 43.Qxh6+ Kg8
44.Bh7+ Qxh7 45.Rg6+  1-0

[Event "Yerevan ol (Men)"]
[Site "Yerevan"]
[Date "1996.??.??"]
[Round "10"]
[White "Cramling, Pia"]
[Black "Xu Jun"]
[Result "1/2-1/2"]
[WhiteElo "2545"]
[BlackElo "2505"]

1.d4 Nf6 2.c4 e6 3.Nf3 b6 4.a3 Bb7 5.Nc3 d5 6.Qc2 c5 7.cxd5 cxd4 8.Qa4+ Nbd7
9.Nxd4 Nxd5 10.Nxd5 Bxd5 11.e4 Bb7 12.Ba6 Bxa6 13.Qxa6 Bc5 14.Be3 O-O 15.O-O Nf6
16.Rad1 Qc8 17.Qxc8 Raxc8 18.f3 a5 19.Kf2 Rfd8 20.Nb5 Rxd1 21.Rxd1 Kf8 22.Ke2 Bxe3
23.Kxe3 Ke7 24.Nc3 Nd7 25.f4 h6 26.Rd2 Rc6 27.Ne2 Rc1 28.Rd4 Rc2 29.Rd2 Rc4
30.Rd4 Rc2  1/2-1/2

[Event "Yerevan ol (Men)"]
[Site "Yerevan"]
[Date "1996.??.??"]
[Round "11"]
[White "Arduman, Can"]
[Black "Motwani, Paul"]
[Result "1/2-1/2"]
[WhiteElo "2410"]
[BlackElo "2490"]

1.d4 Nf6 2.c4 e6 3.Nf3 b6 4.a3 Ba6 5.Qc2 Bb7 6.Nc3 c5 7.e4 cxd4 8.Nxd4 Bc5
9.Nb3 Nc6 10.Bg5 h6 11.Bh4 Nd4 12.Nxd4 Bxd4 13.Bd3 Qb8 14.Bg3 Be5 15.O-O-O O-O
16.Bxe5 Qxe5 17.g3 Rac8 18.Rhe1 Qc5 19.Qe2 d5 20.e5 Ne4 21.Nxe4 dxe4 22.Bxe4 Bxe4
23.Qxe4 Qxf2 24.Re2 Qc5 25.Rd4 a5 26.Kb1 Rfd8 27.Red2 Rxd4  1/2-1/2

[Event "Zadar op"]
[Site "Zadar"]
[Date "1996.??.??"]
[Round "?"]
[White "Cebalo, Miso"]
[Black "Palac, Mladen"]
[Result "1/2-1/2"]
[WhiteElo "2495"]
[BlackElo "2545"]

1.d4 Nf6 2.Nf3 e6 3.c4 b6 4.a3 Bb7 5.Nc3 d5 6.Bg5 Be7 7.Qa4+ Bc6 8.Qc2 dxc4
9.e3 b5 10.a4 b4 11.Bxf6 gxf6 12.Nb1 Bxf3 13.gxf3 c5 14.dxc5 Nd7 15.c6 Ne5
16.Bxc4 O-O 17.Nd2 Rc8 18.f4 Nxc6 19.Nb3 Na5 20.Nxa5 Qxa5 21.b3 Rfd8 22.O-O Qh5
23.f3 Qg6+ 24.Qg2  1/2-1/2

[Event "Zaragoza op"]
[Site "Zaragoza"]
[Date "1996.??.??"]
[Round "6"]
[White "Gallego, Victoriano"]
[Black "Kurajica, Bojan"]
[Result "0-1"]
[WhiteElo "2370"]
[BlackElo "2505"]

1.d4 Nf6 2.c4 e6 3.Nf3 b6 4.a3 d5 5.cxd5 exd5 6.Nc3 Be7 7.g3 O-O 8.Bg2 Bb7
9.O-O Na6 10.Ne5 c5 11.Bf4 Re8 12.Qd2 cxd4 13.Qxd4 Bc5 14.Qd3 Nc7 15.b4 Bd6
16.Nf3 Bxf4 17.gxf4 Ne4 18.Nxe4 dxe4 19.Qxd8 Raxd8 20.Ne5 Nd5 21.e3 Nc3 22.Rfe1 Bd5
23.Bf1 Rc8 24.Ba6 Rc7 25.Rac1 b5 26.Rc2 Bb3 27.Rd2 h5 28.Rd7 Rxd7 29.Nxd7 Re6
30.Nc5 Rg6+ 31.Kh1 Bd1 32.h4 Bf3+ 33.Kh2 Rg2+ 34.Kh3 Rxf2  0-1

[Event "Hoogovens-B"]
[Site "Wijk aan Zee"]
[Date "1997.01.23"]
[Round "3"]
[White "Riemersma, Liafbern"]
[Black "Van der Wiel, John TH"]
[Result "1/2-1/2"]
[WhiteElo "2435"]
[BlackElo "2555"]

1.d4 Nf6 2.c4 e6 3.Nf3 b6 4.a3 Bb7 5.Nc3 Ne4 6.Nxe4 Bxe4 7.e3 Be7 8.Bd3 Bxd3
9.Qxd3 d5 10.O-O O-O 11.e4 dxe4 12.Qxe4 Nd7 13.Re1 a5 14.Bf4 Bd6 15.Bg5 Be7
16.Bf4 Bd6 17.Bg5 Be7 18.Bd2 Bf6 19.Rad1 c5 20.b4 axb4 21.axb4 cxb4 22.Bxb4 Re8
23.Ne5 Bxe5 24.dxe5 Qc7 25.Rd6 Rec8 26.Red1 Nf8 27.R6d4 Ng6 28.h4 h5 29.Bd6 Qc6
30.Qe2 Ra4 31.Qxh5 Rxc4 32.Qg5 Rxd4 33.Rxd4 Qc1+ 34.Qxc1 Rxc1+ 35.Kh2 Re1
36.Rb4 Nxe5  1/2-1/2

[Event "Beersheba 16th"]
[Site "Beersheba"]
[Date "1997.03.02"]
[Round "6"]
[White "Golod, Vitali"]
[Black "Kortschnoj, Viktor"]
[Result "1/2-1/2"]
[WhiteElo "2515"]
[BlackElo "2635"]

1.d4 Nf6 2.c4 e6 3.Nf3 b6 4.a3 Bb7 5.Nc3 g6 6.Qd3 d5 7.cxd5 exd5 8.Bg5 Bg7
9.g3 O-O 10.Bg2 Nbd7 11.Ne5 Qe8 12.Nxd7 Qxd7 13.Bxf6 Bxf6 14.O-O Bg7 15.Rac1 a5
16.Rfd1 f5 17.Qb5 Rfd8 18.Qxd7 Rxd7 19.e3 Bf8 20.Rc2 Rb8 21.Ne2 Bd6 22.Nf4 Bxf4
23.gxf4 Ra8 24.Bf1 c6 25.b3 Kf7 26.Rb1 Ke6 27.b4 axb4 28.Rxb4 b5 29.a4 Rxa4
30.Rxa4 bxa4 31.Ra2 c5 32.Bb5 Rc7 33.Rxa4 c4 34.Ra2 Rc8 35.Kf1 Kd6 36.Ke1 Rb8
37.Kd2 Bc8 38.Ba4 Ra8 39.Kc3 Bd7 40.Bb3 Rxa2 41.Bxa2 Ba4 42.Bb1 Kc6 43.f3  1/2-1/2

[Event "FRA-chT9697 final"]
[Site "Clichy"]
[Date "1997.05.01"]
[Round "8"]
[White "Mainville, Eric"]
[Black "Scholz, Guillermo"]
[Result "1/2-1/2"]
[WhiteElo "2205"]
[BlackElo "2345"]

1.d4 Nf6 2.Nf3 e6 3.c4 b6 4.a3 Bb7 5.Nc3 d5 6.cxd5 exd5 7.Bg5 Be7 8.e3 O-O
9.Bd3 Nbd7 10.O-O Ne4 11.Bf4 Bd6 12.Rc1 Bxf4 13.exf4 a6 14.Re1 Re8 15.Qc2 Ndf6
16.b4 c5 17.bxc5 bxc5 18.dxc5  1/2-1/2

[Event "FRA-chT9697 final"]
[Site "Clichy"]
[Date "1997.05.03"]
[Round "10"]
[White "Bacrot, Etienne"]
[Black "Sellos, Didier"]
[Result "0-1"]
[WhiteElo "2500"]
[BlackElo "2445"]

1.d4 Nf6 2.Nf3 e6 3.c4 b6 4.a3 Bb7 5.Nc3 d5 6.Bg5 Be7 7.e3 O-O 8.Qc2 Nbd7
9.cxd5 exd5 10.Bd3 Re8 11.O-O a6 12.b4 g6 13.Rfc1 Nf8 14.Ne2 Ne6 15.Bh4 Nd7
16.Bg3 c6 17.Qb1 a5 18.bxa5 Rxa5 19.a4 Qa8 20.Nc3 Ba6 21.Bc2 Bf6 22.Bd6 Bb7
23.Ne5 Nxe5 24.dxe5 Bd8 25.f4 d4 26.exd4 Nxd4 27.Bd3 Bc8 28.Ne2 Nxe2+ 29.Bxe2 Rxa4
30.Rxa4 Qxa4 31.Rc4 Qa8 32.Bf3 Bd7 33.Qc1 b5 34.Bxc6 Bb6+ 35.Kh1 Bxc6 36.Rxc6 Be3
37.Qc3 Bd2 38.Qxd2 Qxc6 39.h3 Rc8 40.Kh2 Qe4 41.Be7 h6 42.Bf6 Kh7  0-1

[Event "FRA-chT9697 final"]
[Site "Clichy"]
[Date "1997.05.03"]
[Round "10"]
[White "Pinter, Jozsef"]
[Black "Dorfman, Josif D"]
[Result "1/2-1/2"]
[WhiteElo "2585"]
[BlackElo "2575"]

1.d4 Nf6 2.c4 e6 3.Nf3 b6 4.a3 Ba6 5.Qb3 d5 6.cxd5 exd5 7.Nc3 Be7 8.Bg5 c6
9.Bxf6 Bxf6 10.e3 Bxf1 11.Kxf1 Qc8 12.Rc1 O-O 13.h3 Qb7 14.g3 Na6 15.Kg2 Rfd8
16.Rhd1 Nc7 17.Qc2 g6 18.h4 h5  1/2-1/2

[Event "FRA-chT9697 final"]
[Site "Clichy"]
[Date "1997.05.04"]
[Round "11"]
[White "Cramling, Pia"]
[Black "Werner, Clemens"]
[Result "1/2-1/2"]
[WhiteElo "2545"]
[BlackElo "2350"]

1.d4 Nf6 2.Nf3 e6 3.c4 b6 4.a3 Bb7 5.Nc3 d5 6.cxd5 Nxd5 7.Qc2 Be7 8.e4 Nf6
9.Bc4 c5 10.d5 exd5 11.exd5 O-O 12.O-O a6 13.Bg5 Nbd7 14.Rad1 Qc7 15.Rfe1 Bd6
16.a4 Rae8 17.h3 Qc8 18.Nh4 g6 19.Nf3 Rxe1+ 20.Rxe1 Re8 21.Rxe8+ Qxe8 22.Qd3 Qc8
23.Qe2 Kg7 24.b3 Qa8 25.Nd2 h6 26.Bxf6+ Nxf6 27.Nce4 Qd8 28.Bxa6 Bxd5  1/2-1/2

[Event "Capablanca 32th Elite"]
[Site "Cienfuegos"]
[Date "1997.05.15"]
[Round "8"]
[White "Arencibia, Walter"]
[Black "Schlosser, Philipp"]
[Result "1-0"]
[WhiteElo "2560"]
[BlackElo "2560"]

1.d4 Nf6 2.Nf3 e6 3.c4 b6 4.a3 Bb7 5.Nc3 d5 6.Qc2 dxc4 7.Bg5 Bxf3 8.gxf3 c6
9.O-O-O b5 10.e4 Be7 11.Rg1 Nbd7 12.Bh3 Kf8 13.Be3 Nb6 14.f4 a5 15.d5 exd5
16.e5 Nfd7 17.Qe2 b4 18.Rxg7 Kxg7 19.Rg1+ Kf8 20.Qh5 h6 21.e6 fxe6 22.Bxe6 Qe8  1-0

[Event "Najdorf"]
[Site "Buenos Aires"]
[Date "1997.05.22"]
[Round "4"]
[White "Adianto, Utut"]
[Black "Morovic Fernandez, Ivan"]
[Result "1/2-1/2"]
[WhiteElo "2615"]
[BlackElo "2580"]

1.d4 Nf6 2.c4 e6 3.Nf3 b6 4.a3 Ba6 5.Nbd2 d5 6.e3 Be7 7.Bd3 O-O 8.O-O c5
9.b3 Nbd7 10.Bb2 Bb7 11.Qe2 Ne4 12.Rfd1 cxd4 13.Nxd4 Nxd2 14.Rxd2 Nf6 15.Rad1 Rc8
16.Qf3 dxc4 17.Qxb7 Rc7 18.Qf3 cxd3 19.Rxd3 Qd5 20.Qxd5 Nxd5 21.e4 Nf4 22.R3d2 a6
23.g3 Ng6 24.Kg2 Rfc8 25.h4 h5 26.Nf3 b5 27.b4 f6 28.e5 Kf7 29.Rd7 Nf8 30.R7d3 Ng6
31.Rd7 Nf8 32.R7d3 Ng6  1/2-1/2

[Event "Sigeman & Co"]
[Site "Malmo"]
[Date "1997.06.15"]
[Round "6"]
[White "Cramling, Pia"]
[Black "Akesson, Ralf"]
[Result "1/2-1/2"]
[WhiteElo "2545"]
[BlackElo "2515"]

1.d4 Nf6 2.c4 e6 3.Nf3 b6 4.a3 Bb7 5.Nc3 d5 6.cxd5 Nxd5 7.Qc2 Nxc3 8.bxc3 c5
9.e4 Nd7 10.Bf4 Be7 11.Bd3 Qc8 12.Qb1 Ba6 13.O-O O-O 14.Re1 Bxd3 15.Qxd3 Rd8
16.a4 Qb7 17.a5 Nf6 18.Rab1 Rac8 19.Rb2 cxd4 20.cxd4 h6 21.h3 Qc6  1/2-1/2

[Event "Drury Lane"]
[Site "London"]
[Date "1997.06.21"]
[Round "6"]
[White "Kumaran, Dharshan"]
[Black "Emms, John M"]
[Result "1/2-1/2"]
[WhiteElo "2500"]
[BlackElo "2535"]

1.d4 Nf6 2.c4 e6 3.Nf3 b6 4.a3 Ba6 5.Qc2 c5 6.d5 exd5 7.cxd5 g6 8.Nc3 Bg7
9.g3 O-O 10.Bg2 d6 11.O-O Re8 12.Re1 Nbd7 13.Bf4 Qe7 14.e4 Ng4 15.Bg5 f6
16.Bf4 Nde5 17.Nxe5 Nxe5 18.Rad1 Bc8 19.Bxe5 Qxe5 20.f4 Qe7 21.h3 Bd7 22.Kh2 b5
23.Qf2 a5 24.f5 Rab8 25.Ne2 Bh6 26.fxg6 hxg6 27.b4 axb4 28.axb4 cxb4 29.Nd4 Ra8
30.Nc6 Qf7 31.Nxb4 Ra4 32.Rb1 f5 33.exf5 Rxe1 34.Qxe1 Bxf5 35.Rb3 Bg7 36.Nc6 Ra2
37.Rf3 Kh7 38.g4 Qxd5 39.Qh4+ Bh6 40.Qe7+ Bg7 41.Qh4+ Bh6 42.Qe7+ Bg7  1/2-1/2

[Event "Yopal"]
[Site "Yopal"]
[Date "1997.06.29"]
[Round "9"]
[White "Gamboa, Nelson"]
[Black "Rodriguez, Amador"]
[Result "0-1"]
[WhiteElo "2415"]
[BlackElo "2555"]

1.d4 Nf6 2.c4 e6 3.Nf3 b6 4.a3 c5 5.Nc3 cxd4 6.Nxd4 Bb7 7.Bg5 a6 8.Qc2 Be7
9.e4 d6 10.Rd1 Nbd7 11.Be2 O-O 12.O-O Qc7 13.f3 Rfe8 14.Qd2 Rad8 15.Kh1 h6
16.Be3 Bf8 17.Rfe1 Ne5 18.Rc1 Qb8 19.Nc2 Ned7 20.Nd4 Nc5 21.Bd1 d5 22.cxd5 exd5
23.Bf4 Bd6 24.Bxd6 Qxd6 25.e5 Rxe5 26.Rxe5 Qxe5 27.Bc2 Re8 28.Nce2 h5 29.b4 Ne6
30.Bf5 Nxd4 31.Nxd4 g6 32.Bb1 h4 33.Kg1 Nh5 34.Rd1 Nf4 35.g3 hxg3 36.hxg3 Nh5
37.f4 Qe3+ 38.Qxe3 Rxe3 39.Kf2 Rxa3 40.Rc1 Ra4 41.Rc7 Rxb4 42.Bxg6 fxg6 43.Ne6 Rb2+
44.Kf3 Rb3+ 45.Kf2 Ba8 46.g4 Nf6 47.Rg7+ Kh8 48.Ra7 Nxg4+ 49.Kg2 Bc6 50.Nd4 Rc3
51.Rxa6 Ne3+  0-1

[Event "Wch U20"]
[Site "Zagan"]
[Date "1997.07.14"]
[Round "1"]
[White "Pereyra Arcija, Diego"]
[Black "Savic, Miodrag R"]
[Result "0-1"]
[WhiteElo "2460"]
[BlackElo "2430"]

1.d4 Nf6 2.Nf3 e6 3.c4 b6 4.a3 Bb7 5.Nc3 d5 6.Qc2 Be7 7.cxd5 exd5 8.g3 O-O
9.Bg2 c5 10.O-O Ne4 11.Rd1 Nxc3 12.bxc3 Nd7 13.dxc5 bxc5 14.Bf4 Qc8 15.Bh3 Qc6
16.e4 Nf6 17.Ne5 Qa6 18.Bf1 c4 19.exd5 Bxd5 20.Ng4 Be6 21.Ne3 Rac8 22.a4 Rc5
23.Bg2 g5 24.Bxg5 Rxg5 25.h4 Re5 26.Rab1 Bc5 27.Rb5 Qc8 28.Bb7 Qc7 29.Ng2 Ng4  0-1

[Event "Komercni Banka op"]
[Site "Pardubice"]
[Date "1997.07.17"]
[Round "1"]
[White "Ionescu, Constantin"]
[Black "Meier, Volker"]
[Result "1-0"]
[WhiteElo "2490"]
[BlackElo "2285"]

1.d4 Nf6 2.c4 e6 3.Nf3 b6 4.a3 Bb7 5.Nc3 d5 6.cxd5 Nxd5 7.Qc2 g6 8.Bg5 f6
9.Bd2 Bg7 10.e4 Nxc3 11.Bxc3 O-O 12.Bc4 Re8 13.O-O Ba6 14.Bxa6 Nxa6 15.Qa4 Nb8
16.Rad1 Qd7 17.Qb3 c6 18.Rfe1 Na6 19.h3 Nc7 20.Bd2 Rac8 21.Bf4 h5 22.h4 Kh7
23.Qe3 Nb5 24.Rd3 Red8 25.Red1 Qe8 26.a4 Nc7 27.b3 Na6 28.e5 f5 29.Bg5 Rd7
30.Qe1 Nc7 31.Rc3 Nd5 32.Rc4 b5 33.Rc2 b4 34.Rdc1 Rdc7 35.Bd2 Bf8 36.Qe2 Qd7
37.Qa6 Kg7 38.Kf1 Be7 39.Ke2 Nb6 40.Bg5 Bf8 41.a5 Nd5 42.Bd2 Be7 43.g3 Bf8
44.Rc4 Be7 45.Ne1 c5 46.dxc5 Rxc5 47.Nd3 Rxc4 48.bxc4 Rc6 49.Qb5 Nc7 50.Qb7 Kf7
51.Bxb4 Bxb4 52.Nxb4 Rc5 53.Na6 Rxe5+ 54.Kf3 Qd3+ 55.Kg2 Re2 56.Qxc7+ Kf6
57.Nc5 Rxf2+ 58.Kxf2 Qd2+ 59.Kf3 Qxc1 60.Qd8+  1-0

[Event "Wch U20"]
[Site "Zagan"]
[Date "1997.07.17"]
[Round "4"]
[White "Morrison, Graham"]
[Black "Kunte, Abhijit"]
[Result "0-1"]
[WhiteElo "2325"]
[BlackElo "2430"]

1.d4 Nf6 2.Nf3 e6 3.c4 b6 4.a3 Ba6 5.Qc2 Bb7 6.Nc3 c5 7.e4 cxd4 8.Nxd4 d6
9.Be2 Be7 10.O-O O-O 11.b3 Nbd7 12.Bb2 Rc8 13.f4 a6 14.Kh1 Re8 15.Rad1 Qc7
16.Bf3 Bf8 17.f5 e5 18.Nde2 b5 19.cxb5 d5 20.Qd3 Nc5  0-1

[Event "Wch U20"]
[Site "Zagan"]
[Date "1997.07.18"]
[Round "5"]
[White "Bae, Torstein"]
[Black "Zerdo, Mirza"]
[Result "1/2-1/2"]
[WhiteElo "2200"]
[BlackElo "2175"]

1.d4 Nf6 2.c4 e6 3.Nf3 b6 4.a3 Ba6 5.Qc2 Bb7 6.Nc3 c5 7.e4 cxd4 8.Nxd4 d6
9.Be2 Be7 10.O-O Nc6 11.Nxc6 Bxc6 12.Rd1 Qc7 13.Bf4 O-O 14.Rd2 Rac8 15.Rad1 Rfd8
16.Qb1 a6 17.f3 Nh5 18.Be3 Qb8 19.Qd3 Nf6 20.Bf4 Nh5 21.Be3 Nf6 22.b4 Nd7
23.f4 Nf6 24.Bf3 Qc7 25.Qd4 Nd7 26.Rc2 Qb8 27.Rdc1 Bf6 28.Qd3 Qa8 29.Bd4 Nc5
30.Bxc5 dxc5 31.Qe2 Be7 32.b5 axb5 33.cxb5 Bb7 34.a4 Rd4 35.Qe3 Rcd8 36.e5 Bxf3
37.gxf3 Rd3 38.Qe4 Qa5 39.Ne2 g6 40.Rc3 Rd1+ 41.Rxd1 Rxd1+ 42.Kg2 Rd2 43.Rc2 Rd1
44.Nc3 Rd4 45.Qb7 Kf8 46.Qc8+ Kg7 47.Qb7 Kf8 48.Qc8+ Rd8 49.Qc7 Qb4 50.Ne4 Qxa4
51.Rb2 Qa3 52.Rf2 Qa5 53.Nd6 Qa8 54.Qxb6 Bxd6 55.exd6 Qb8 56.Qc7 Rc8 57.Qe7+ Kg7
58.Ra2 c4 59.Ra7 Rf8 60.Rb7 Qa8 61.d7 c3 62.Rc7 Qa2+ 63.Kg3 Qd2 64.Qc5 Rd8
65.b6 Rxd7 66.Rxd7 Qxd7 67.Qxc3+ Kh6 68.Qb2 Qb7 69.Kg4 f5+ 70.Kg3 Kh5 71.Qh8 Kh6
72.Qf8+ Kh5 73.Qf6 Kh6 74.h4 Qxb6 75.Qg5+ Kg7  1/2-1/2

[Event "Wch U20"]
[Site "Zagan"]
[Date "1997.07.19"]
[Round "6"]
[White "Delemarre, Jop"]
[Black "Bagheri, Amir"]
[Result "1-0"]
[WhiteElo "2395"]
[BlackElo "2300"]

1.d4 Nf6 2.c4 e6 3.Nf3 b6 4.a3 Ba6 5.Qc2 Bb7 6.Nc3 c5 7.dxc5 Bxc5 8.Bf4 O-O
9.e3 d5 10.Rd1 Nbd7 11.cxd5 exd5 12.b4 Be7 13.Qb3 a6 14.Be2 b5 15.O-O Qb6
16.Ne5 Rad8 17.Bf3 Qe6 18.Nxd7 Rxd7 19.Rd4 h6 20.h3 Rfd8 21.Rfd1 Bf8 22.a4 g5
23.Bg3 Bg7 24.R4d3 Qc6 25.axb5 axb5 26.Be5 Ne4 27.Bxg7 Kxg7 28.Rxd5 Rxd5
29.Rxd5 Qxd5 30.Nxd5 Bxd5 31.Qd3 f5 32.Qxb5 Nf6 33.Qd3 g4 34.hxg4 fxg4 35.Bxd5 Rxd5
36.Qc2 h5 37.e4 Rd4 38.e5 Nd5 39.b5 h4 40.Qf5 g3 41.fxg3 hxg3 42.Qg5+ Kf7
43.Qxg3 Rb4 44.Qh3 Ke7 45.Qh6  1-0

[Event "Komercni Banka op"]
[Site "Pardubice"]
[Date "1997.07.20"]
[Round "4"]
[White "Gutman, Gennadi"]
[Black "Ionescu, Constantin"]
[Result "0-1"]
[WhiteElo "2390"]
[BlackElo "2490"]

1.d4 Nf6 2.Nf3 e6 3.c4 b6 4.a3 c5 5.d5 Ba6 6.Qc2 exd5 7.cxd5 g6 8.Nc3 Bg7
9.e4 Bxf1 10.Kxf1 d6 11.g3 O-O 12.Kg2 a6 13.Re1 Nbd7 14.h3 b5 15.b4 Rc8 16.Bb2 Nb6
17.Rad1 Nc4 18.Bc1 Nd7 19.Qb3 Re8 20.Bg5 Qb6 21.Rc1 h6 22.Bf4 g5 23.Be3 Nxe3+
24.Rxe3 cxb4 25.axb4 f5 26.Ne2 Rxc1 27.Nxc1 fxe4 28.Nd2 Qd4 29.Nb1 Nb6 30.Re2 Nc4
31.Na2 Qxd5 32.Kh2 Qf7 33.Nac3 d5 34.Qd1 Re5 35.Nd2 Nb2 36.Qa1 Rf5 37.Qxb2 Rxf2+
38.Rxf2 Qxf2+ 39.Kh1 Bd4  0-1